000 00440nab a2200145Ia 4500
003 ES-SlBCS
005 20210601142546.0
008 140529s2000 xxu||||| |||| 00| 0 spa d
041 _aspa
100 1 _aCarlson, Shawn
_9271499
245 0 0 _aUno es de donde late
_c Shawn Carlson
650 0 4 _aMedicina
_914377
773 0 _tInvestigacion y Ciencia (Traducción de: Scientific American)
_gnº. 287, 2000, págs. 84-85
_wRev1650
942 _cAR
999 _c678708
_d678708